| 000 | 00985cam a2200265 a 4500 | ||
|---|---|---|---|
| 001 | 1337920 | ||
| 003 | NUST | ||
| 005 | 20221202184748.0 | ||
| 008 | 800108s1980 nyu i s000 0 eng | ||
| 010 | _a 79028724 | ||
| 020 | _a0080238882 | ||
| 040 |
_aDLC _cDLC _dDLC |
||
| 043 | _an-us-az | ||
| 050 | 0 | 0 |
_aZ5853.S63 _bA74 1980 _aTJ810 |
| 082 | 0 | 0 |
_a026.62147,MAC _221 |
| 110 | 2 |
_aArizona State University. _bSolar Energy Collection. _9104061 |
|
| 245 | 1 | 0 |
_aSolar energy index / _cthe Arizona State University Solar Energy Collection ; compiled by and published in cooperation with the Arizona State University ; George Machovec, solar energy librarian. |
| 260 |
_aNew York : _bPergamon Press, _cc1980. |
||
| 300 |
_alxiii, 942 p. ; _c29 cm. |
||
| 505 | _aContents not available | ||
| 610 | 2 | 0 |
_aArizona State University. _bSolar Energy Collection. _9104061 |
| 650 | 0 |
_aSolar energy _xIndexes. _9104062 |
|
| 700 | 1 |
_aMachovec, George. _9104063 |
|
| 942 |
_2ddc _cBK _k026.62147,MAC |
||
| 999 |
_c592583 _d592583 |
||